Znaki rozpoznawcze Grecji - Statystyki

Ogólne statystyki
  • Ten quiz został rozwiązany 1 756 razy
    1 665 od ostatniego zresetowania
  • Średni wynik to 11 z 18
Statystyki odpowiedzi
Obrazkowy Hint Odpowiedź % Poprawnych
wyspa Kreta
93%
grecka litera Omega
90%
najpotężniejszy bóg Zeus
87%
morze Egejskie
76%
filozof Sokrates
76%
półwysep Bałkański
71%
wyspa Rodos
66%
wyspa Santorini
55%
bóg muzyki i poezji Apollo
53%
produkt spożywczy Kanapka z Gyrosem
51%
miasto Saloniki
50%
bohater Odyseusz
49%
rzeźba Wenus z Milo
46%
imperium greckojęzyczne Cesarstwo Bizantyjskie
42%
półwysep Peloponez
42%
świątynia Partenon
41%
tytan Atlas
39%
typ żołnierza Hoplita
37%
Nie znaleziono quizów pasujących do podanych kryteriów
Rozkład punktacji
Procent ludzi z każdym wynikiem
Percentyl według liczby udzielonych odpowiedzi
Twoja historia wyników
Nie rozwiązałeś tego quizu od ostatniego zresetowania